Les états américains avec le plus d'ancêtres européens - Statistiques

Statistiques générales
  • Ce quiz a été pris 77 fois
  • Le résultat moyen est 25 sur 40
Statistiques - réponses
Pays européen État américain % Correct
Biélorussie New York
99%
Russie New York
99%
France Maine
74%
Macédoine du Nord Michigan
69%
Malte Michigan
69%
Allemagne Dakota du Nord
68%
Islande Dakota du Nord
68%
Norvège Dakota du Nord
68%
Autriche New Jersey
68%
Chypre New Jersey
68%
Estonie New Jersey
68%
Turquie New Jersey
68%
Hongrie Ohio
68%
Slovénie Ohio
68%
Croatie Pennsylvanie
68%
Slovaquie Pennsylvanie
68%
Ukraine Pennsylvanie
68%
Bulgarie Illinois
65%
Serbie Illinois
65%
Italie Rhode Island
65%
Portugal Rhode Island
65%
Monténégro Alaska
63%
Espagne Nouveau Mexique
63%
Danemark Utah
63%
Royaume-Uni Utah
63%
Grèce Massachusetts
62%
Irlande Massachusetts
62%
Lettonie Massachusetts
62%
Lituanie Massachusetts
62%
Belgique Wisconsin
57%
Pologne Wisconsin
57%
Suisse Wisconsin
57%
Albanie Connecticut
53%
Roumanie Delaware
51%
Luxembourg Iowa
51%
Pays-Bas Iowa
51%
Finlande Minnesota
46%
Suède Minnesota
46%
Bosnie-Herzégovine Missouri
41%
Tchéquie (République Tchèque) Nebraska
34%
Aucun quiz correspondant
Distribution des résultats
% des personnes avec chaque résultat
Percentile par nombre de réponses
Votre historique - résultats
Vous n’avez pas pris ce quiz